Statistics for One Hit Wonders in Formula 1 - Podiums

Click here to take the quiz!

General Stats

  • This quiz has been taken 104 times
    (84 since last reset)
  • The average score is 13 of 49

Answer Stats

Grand Prix Name Car Nationality % Correct
2012 Spanish Grand PrixPastor MaldonadoWilliamsVenezuela
91%
2014 Australian Grand PrixKevin MagnussenMcLarenDenmark
88%
2017 Azerbaijan Grand PrixLance StrollWilliamsCanada
87%
2012 Japanese Grand PrixKamui KobayashiSauberJapan
79%
2011 Australian Grand PrixVitaly PetrovRenaultRussia
79%
2004 United States Grand PrixTakuma SatoBARJapan
75%
2008 British Grand PrixNelsinho PiquetRenaultBrazil
74%
2006 Hungarian Grand PrixPedro de la RosaMcLarenSpain
71%
2005 United States Grand PrixTiago MonteiroJordanPortugal
71%
1993 Italian Grand PrixMichael AndrettiMcLarenUSA
57%
1991 San Marino Grand PrixJJ LehtoDallaraFinland
53%
1990 Japanese Grand PrixAguri SuzukiLolaJapan
38%
1990 Japanese Grand PrixRoberto MorenoBenettonBrazil
32%
1994 San Marino Grand PrixNicola LariniFerrariItaly
31%
1975 Austrian Grand PrixVittorio BrambillaMarchItaly
31%
1995 Australian Grand PrixGianni MorbidelliFootworkItaly
29%
1989 Brazilian Grand PrixMaurício GugelminMarchBrazil
25%
1981 Caesars Palace Grand PrixBruno GiacomelliAlfa RomeoItaly
22%
1971 Italian Grand PrixPeter GethinBRMUK
22%
1959 Dutch Grand PrixJoakim BonnierBRMSweden
21%
1994 German Grand PrixÉric BernardLigierFrance
19%
1967 South African Grand PrixJohn LoveCooperRhodesia
18%
1985 Australian Grand PrixPhilippe StreiffLigierFrance
18%
1950 Monaco Grand PrixLouis ChironMaseratiMonaco
16%
1961 French Grand PrixGiancarlo BaghettiFerrariItaly
13%
1973 Spanish Grand PrixGeorge FollmerShadowUSA
10%
1970 United States Grand PrixReine WisellLotusSweden
10%
1966 Italian Grand PrixLudovico ScarfiottiFerrariItaly
10%
1956 British Grand PrixAlfonso de PortagoFerrariSpain
10%
1968 Monaco Grand PrixLucien BianchiCooperBelgium
10%
1950 British Grand PrixReg ParnellAlfa RomeoUK
9%
1970 Austrian Grand PrixRolf StommelenBrabhamGermany
9%
1956 Belgian Grand PrixPaul FrèreFerrariBelgium
7%
1971 Austrian Grand PrixTim SchenkenBrabhamAustralia
7%
1971 Canadian Grand PrixMark DonohueMcLarenUSA
7%
1968 Italian Grand PrixJohnny Servoz-GavinMatraFrance
6%
1968 Monaco Grand PrixRichard AttwoodBRMUK
6%
1970 Monaco Grand PrixHenri PescaroloMatraFrance
6%
1950 French Grand PrixPeter WhiteheadFerrariUK
6%
1968 Spanish Grand PrixBrian RedmanCooperUK
4%
1965 Mexican Grand PrixMike SpenceLotusUK
4%
1957 Argentine Grand PrixCarlos MenditeguyMaseratiArgentina
4%
1954 Swiss Grand PrixHans HerrmannMercedesSwitzerland
4%
1964 Austrian Grand PrixBob AndersonBrabhamUK
3%
1960 Italian Grand PrixWilly MairesseFerrariBelgium
3%
1960 Argentine Grand PrixCliff AllisonFerrariUK
3%
1956 Italian Grand PrixRon FlockhartConnaughtUK
3%
1950 Italian Grand PrixDorino SerafiniFerrariItaly
3%
1962 Dutch Grand PrixTrevor TaylorLotusUK
3%

Score Distribution

Percentile by Number Answered

Percent of People with Each Score

Your Score History

You have not taken this quiz since the last reset